01113nam a2200289 i 4500003000900000005001700009007000300026008004100029020001500070040003000085082002000115245005100135264006600186300002800252336002700280337003400307338002800341490009100369500007200460500007100532504003100603600001900634600004900653650003700702700003000739710005400769DO-SdBNP20250909091243.0ta240711b1998 sp 00| 0 spa d a8473327906 aDO-SdBNPbspacBNPHUerda 4a321.74bJ9122200aJuan B. Justo /c edición de Javier Franzé aMadrid, España :bEdiciones de Cultura Hispánica, c1998. a229 páginas :c24 cm. 2rdacontentatextobtxt 2rdamediaasin mediaciónbnc 2rdacarrieravolumenbnc1 a Antología del pensamiento político, social y económico de América Latina v18 aIncluye datos biografícos del editor en la solapa de la portada.  aIncluye datos biografícos de Juan B. Justo en la contraportada.  aBibliografía p: 223-229.1 aJusto, Juan B.1 aJusto, Juan B.xCrítica e interpretación 4aPensamiento politico (Argentina)1 aFranzé, Javier eeditor2 aAgencia Española de Cooperación Internacional